[Event "Doha AAB op 5th"]
[Site "Doha"]
[Date "2021.11.19"]
[Round "5"]
[White "Sivaganesh, M."]
[Black "Abdulla, Mohammed Al Homaid"]
[Result "0-1"]
[WhiteElo "1163"]
[BlackElo "1319"]
[PlyCount "71"]
[EventDate "2021.11.12"]
[EventType "swiss"]
[EventRounds "7"]
[EventCountry "QAT"]
[SourceTitle "CBM 205 Extra"]
[Source "ChessBase"]
[SourceDate "2022.01.31"]
[SourceVersion "1"]
[SourceVersionDate "2022.01.31"]
[SourceQuality "1"]

1. e4 e5 2. Nf3 Nc6 3. Bc4 Bc5 4. c3 Nf6 5. d4 exd4 6. cxd4 Bb4+ 7. Nc3 Nxe4 8. 0-0 Bxc3 9. d5 Bf6 10. Re1 Ne7 11. Rxe4 d6 12. Nd4 0-0 13. Qh5 Ng6 14. Bd3 Re8 15. Be3 Rxe4 16. Bxe4 Qe8 17. Bxg6 hxg6 18. Qf3 Bd7 19. Rc1 Rc8 20. Re1 Bxd4 21. Bd2 Be5 22. Qb3 c5 23. Bc3 Qd8 24. Bxe5 dxe5 25. Rxe5 Qb6 26. Qc3 Qb4 27. g3 Qxc3 28. bxc3 Kf8 29. d6 Be6 30. a3 Rd8 31. Rxc5 Rxd6 32. Rc7 Rd7 33. Rc5 b6 34. Re5 Rd3 35. Re3 Rxe3 36. fxe3 0-1

[Event "Wch FIDE Online U14 Asia qual"]
[Site "Tornelo INT"]
[Date "2020.12.11"]
[Round "1"]
[White "Abdulla, Mohammed Al Homaid"]
[Black "Vo, Pham Thien Phuc"]
[Result "0-1"]
[WhiteElo "1301"]
[BlackElo "2037"]
[PlyCount "74"]
[EventDate "2020.12.11"]
[EventType "swiss (rapid)"]
[EventRounds "7"]
[EventCountry "ISS"]
[SourceTitle "EXT 2022"]
[Source "ChessBase"]
[SourceDate "2021.10.06"]
[SourceVersion "1"]
[SourceVersionDate "2021.10.06"]
[SourceQuality "1"]

1. e4 c5 2. Nf3 d6 3. Bb5+ Bd7 4. Bxd7+ Qxd7 5. 0-0 Nc6 6. c3 Nf6 7. Re1 e6 8. d4 d5 9. exd5 Nxd5 10. c4 Nb6 11. d5 0-0-0 12. Na3 exd5 13. cxd5 Qxd5 14. Qxd5 Rxd5 15. Bf4 a6 16. Re8+ Rd8 17. Rae1 Rxe8 18. Rxe8+ Kd7 19. Re1 Be7 20. Rd1+ Kc8 21. Nc2 Rd8 22. Rxd8+ Kxd8 23. Ne3 h6 24. h4 Kd7 25. Ne5+ Nxe5 26. Bxe5 f6 27. Bc3 Ke6 28. g4 Nd5 29. Nxd5 Kxd5 30. f3 Kc4 31. Kf2 Kd3 32. g5 hxg5 33. hxg5 b5 34. gxf6 Bxf6 35. Ba5 Bxb2 36. Ke1 Bc3+ 37. Bxc3 Kxc3 0-1

[Event "Asia Nations online Cup"]
[Site "Chess.com INT"]
[Date "2020.10.18"]
[Round "9.16"]
[White "Paras, Radcliffe"]
[Black "Abdulla, Mohammed Al Homaid"]
[Result "1/2-1/2"]
[WhiteElo "1693"]
[BlackElo "1301"]
[PlyCount "161"]
[EventDate "2020.10.10"]
[EventType "team-swiss (rapid)"]
[EventRounds "9"]
[EventCountry "IND"]
[SourceTitle "CBM 198 Extra"]
[Source "ChessBase"]
[SourceDate "2020.11.30"]
[SourceVersion "1"]
[SourceVersionDate "2020.11.30"]
[SourceQuality "1"]
[WhiteTeam "Guam"]
[BlackTeam "Qatar"]
[WhiteTeamCountry "GMA"]
[BlackTeamCountry "QAT"]

1. d4 d5 2. e3 e6 3. Bd3 Nf6 4. Nf3 Be7 5. 0-0 0-0 6. Nbd2 Nbd7 7. b3 b6 8. Bb2 Bb7 9. Rc1 c5 10. c4 Rc8 11. Bb1 dxc4 12. Nxc4 Nd5 13. Qd3 N7f6 14. dxc5 Bxc5 15. e4 Nf4 16. Qc2 Bxe4 17. Qd2 Qxd2 18. Ncxd2 Bxf3 19. Nxf3 Ne2+ 20. Kh1 Nxc1 21. Bxc1 Bxf2 22. Bg5 Bc5 23. h3 Nh5 24. Rd1 f6 25. Bh4 Rfd8 26. Re1 g5 27. g4 Nf4 28. Bg3 Kf7 29. Bxf4 gxf4 30. g5 Be3 31. Bxh7 fxg5 32. Nxg5+ Kf6 33. Ne4+ Ke5 34. Ng5 Rh8 35. Nf7+ Kf6 36. Nxh8 Rxh8 37. Be4 Rxh3+ 38. Kg2 Rg3+ 39. Kh2 Rg5 40. Bf3 Rc5 41. Re2 e5 42. Be4 Rc1 43. Kg2 Rd1 44. Kh2 Rd2 45. Rxd2 Bxd2 46. Kg2 Ke6 47. Kf3 Kd6 48. Ke2 Be3 49. Kd3 Kc5 50. a3 a5 51. Kc3 Bf2 52. b4+ axb4+ 53. axb4+ Kb5 54. Bd3+ Kc6 55. Be4+ Kd6 56. Kc4 Bd4 57. Bd5 Be3 58. Be4 Bd4 59. Bd5 Ke7 60. Kd3 Kf6 61. Ke4 Kg5 62. Kf3 Bc3 63. b5 Kh4 64. Bc6 Kh3 65. Be4 Kh2 66. Bc6 Kg1 67. Be4 Kf1 68. Bc6 Ke1 69. Bd5 Kd2 70. Be4 Bd4 71. Bf5 Kc3 72. Be4 Be3 73. Bc6 Kd4 74. Be4 Kc5 75. Bc6 Kc4 76. Ke4 Bd4 77. Kf3 Kc5 78. Ke4 Kc4 79. Kf3 Kd3 80. Be4+ Kc4 81. Bc6 1/2-1/2